Najbardziej rozwinięte państwa Afryki - Statystyki

Ogólne statystyki
  • Ten quiz został rozwiązany 169 razy
  • Średni wynik to 15 z 20
Statystyki odpowiedzi
HDI Państwo % Poprawnych
0,707 Egipt
99%
0,709 Republika Południowej Afryki
98%
0,686 Maroko
97%
0,748 Algieria
92%
0,740 Tunezja
88%
0,724 Libia
85%
0,601 Kenia
82%
0,581 Angola
74%
0,574 Kongo
72%
0,584 Zambia
70%
0,735 Botswana
69%
0,796 Seszele
69%
0,646 Namibia
68%
0,611 Ghana
66%
0,703 Gabon
63%
0,804 Mauritius
63%
0,665 Republika Zielonego Przylądka
60%
0,592 Gwinea Równikowa
59%
0,611 Eswatini
50%
0,625 Wyspy Świętego Tomasza i Książęca
50%
Nie znaleziono quizów pasujących do podanych kryteriów
Rozkład punktacji
Procent ludzi z każdym wynikiem
Percentyl według liczby udzielonych odpowiedzi
Twoja historia wyników
Nie rozwiązałeś tego quizu